| 000 | 00631nam a2200193 a 4500 | ||
|---|---|---|---|
| 005 | 20240920063729.0 | ||
| 008 | 081108s2000 mx r 000 0 spa d | ||
| 020 | _a9264148159 | ||
| 035 | _aUPN01000165870 | ||
| 049 | _aUNE | ||
| 080 | _a37374 (100) =20 "1997" LIF. | ||
| 245 | 0 | 0 | _aLifelong learning for all: Meeting of the Education Committee at Ministerial Level, 16-17 january 1996. |
| 260 | _aParis: OECD, 1997. | ||
| 300 | _a338 p.; 27 cm. il. | ||
| 690 |
_aEducación permanente _97280 |
||
| 690 | _aOCDE | ||
| 711 | 2 | _aMeeting of the Education Committee at Ministerial Level, 16-17 January 1996 | |
| 905 | _aUNESCO | ||
| 999 |
_c137982 _d137982 |
||